Movies Quiz

Random Movies or Actor Quiz

Al Pacino or Robert De Niro Quiz Stats

 Plays Quiz Updated Jul 30, 2017

Challenge
Share
Tweet
Embed
Score 0/24 Timer 05:00
4 Plays Today
Question Answer Wrong Answers
Scarface ???
91.3%
???
3.3%
Raging Bull ???
89.4%
???
5.3%
Taxi Driver ???
88.9%
???
5.7%
Scent of a Woman ???
88.2%
???
6.4%
Cape Fear ???
85.2%
???
9.4%
The Deer Hunter ???
84.9%
???
9.6%
Carlito's Way ???
84.7%
???
9.8%
Any Given Sunday ???
82.8%
???
11.8%
Dog Day Afternoon ???
82.4%
???
12.1%
Casino ???
80.8%
???
13.7%
A Bronx Tale ???
80%
???
14.6%
Donnie Brasco ???
79.4%
???
15.1%
Awakenings ???
75.3%
???
19.4%
The Godfather ???
74.6%
???
20.1%
Sea of Love ???
72.9%
???
21.7%
Glengarry Glen Ross ???
72.3%
???
22.3%
Midnight Run ???
70.5%
???
24%
Mean Streets ???
70.3%
???
24.4%
New York, New York ???
69.5%
???
25.2%
Frankie and Johnny ???
68%
???
26.6%
Dick Tracy ???
67.2%
???
27.3%
The Insider ???
65.8%
???
28.9%
Wag the Dog ???
61.1%
???
33.4%
Bang the Drum Slowly ???
60.5%
???
34.1%

You're not logged in!

Compare scores with friends on all Sporcle quizzes.
Join for Free
OR
Log In

You Might Also Like...

Show Comments

Extras

Top Quizzes Today


Score Distribution

Your Account Isn't Verified!

In order to create a playlist on Sporcle, you need to verify the email address you used during registration. Go to your Sporcle Settings to finish the process.

Report this User

Report this user for behavior that violates our Community Guidelines.

Details: